Mythological Creatures - Statistics

General Stats
  • This quiz has been taken 48 times
  • The average score is 7 of 26
Answer Stats
Hint Creature % Correct
The three headed guard dog of Hades Cerberus
90%
The type of one-eyed giant that Polyphemus was Cyclops
83%
The many-headed serpentine lake monster killed by Heracles Lernaean Hydra
78%
The mother of the above creature Medusa
65%
The mount of Bellerophon Pegasus
50%
The lion with a goat's head on its back and a snake for a tail, killed by Bellerophon Chimaera
48%
The riddle-lover with the head of a woman and body of a winged lion, defeated by Oedipus Sphinx
45%
The huge cat with an impenetrable coat, slain by Heracles Nemean Lion
25%
The monstrous whirlpool monster across from Scylla's cave Charybdis
23%
The wolf who bit off Tyr's hand and will eat Odin Fenrir
23%
The half-woman, half-snake mother of many Greek monsters Echidna
20%
The World Serpent who would kill and be killed by Thor Jormungandr
20%
The snake guarding the oracular center of the earth, slain by Apollo Python
20%
The eight-legged horse of Odin Sleipnir
13%
The deadly serpentine giant who drove the Greek gods to Egypt Typhon
13%
The serpent that is the embodiment of chaos and fights Ra every night Apep
10%
The dragon guarding the golden apples of the Hesperides Ladon
10%
Either of Odin's ravens Huginn | Muninn
8%
The dragon who gnaws on Yggdrasil's roots Nidhogg
8%
The crocodile, lion, and hippo hybrid that sits beside the scales of Ma'at Ammit
5%
The Norse zombies that guard treasure and tombs Draugr
5%
The two-headed dog who guarded the cattle of Geryon Orthrus
5%
The small clay people placed in tombs for the Egyptian afterlife Shabti
5%
The cobra seen on Egyptian crowns Uraeus
5%
The dragon goddess split in half by Marduk to form the sky and sea Tiamat
3%
The crocodile, fish, and toad hybrid with teeth all over, sacrificed by Quetzalcoatl and Texcatlipoca to form the sky and earth Cipactli
0%
No matching quizzes found
Score Distribution
Percent of People with Each Score
Percentile by Number Answered
Your Score History
You have not taken this quiz